Statistics for Meghan Trainor Songs (Updated At Any New Release)

Click here to take the quiz!

General Stats

  • This quiz has been taken 7 times
  • The average score is 37 of 93

Answer Stats

HintAnswer% Correct
TitleAll About That Bass
100%
Takin' It BackMade You Look
100%
Takin' It BackMade You Look (ft. Kim Petras)
100%
Takin' It BackMother
100%
TitleBang Dem Sticks
83%
A Very Trainor ChristmasChristmas (Baby Please Come Home)
83%
TitleDear Future Husband
83%
TitleLike I'm Gonna Lose You
83%
TitleLips Are Movin
83%
Thank YouMe Too
83%
Thank YouMom
83%
Thank YouNo
83%
TitleTitle
83%
A Very Trainor ChristmasWhite Christmas
83%
Takin' It BackBad For Me
67%
Thank YouBetter
67%
Treat MyselfFunk
67%
A Very Trainor ChristmasHolidays
67%
Thank YouI Love Me
67%
Treat MyselfNice To Meet Ya
67%
Treat MyselfNo Excuses
67%
Takin' It BackTakin' It Back
67%
Thank YouThank You
67%
Treat MyselfTreat Myself
67%
Treat MyselfWave
67%
Title3am
50%
TitleCredit
50%
Treat MyselfGenetics
50%
A Very Trainor ChristmasLast Christmas
50%
Thank YouWoman Up
50%
Treat MyselfAshes
33%
Thank YouChampagne Problems
33%
TitleClose Your Eyes
33%
Takin' It BackDon't I Make It Look Easy
33%
Treat MyselfEvil Twin
33%
Thank YouGoosebumps
33%
Thank YouHopeless Romantic
33%
A Very Trainor ChristmasI'll Be Home
33%
A Very Trainor ChristmasIt's Beginning To Look A Lot Like Christmas
33%
Thank YouJust A Friend To You
33%
Thank YouKindly Calm Me Down
33%
Treat MyselfMake You Dance
33%
Takin' It BackMama Wanna Mambo
33%
TitleMr. Almost
33%
A Very Trainor ChristmasMy Kind Of Present
33%
TitleMy Selfish Heart
33%
TitleNo Good For You
33%
A Very Trainor ChristmasSilent Night
33%
A Very Trainor ChristmasSleigh Ride
33%
TitleThe Best Part
33%
Treat MyselfUnderwater
33%
TitleWalkashame
33%
Thank YouWatch Me Do
33%
A Very Trainor ChristmasWinter Wonderland
33%
Treat MyselfAfter You
17%
Treat MyselfAll The Ways
17%
Treat MyselfAnother Opinion
17%
Treat MyselfBabygirl
17%
Treat MyselfBlink
17%
Takin' It BackBreezy
17%
A Very Trainor ChristmasChristmas Coupon
17%
A Very Trainor ChristmasChristmas Got Me Blue
17%
A Very Trainor ChristmasChristmas Party
17%
Takin' It BackDance About It
17%
Thank YouDance Like Yo Daddy
17%
Takin' It BackDrama Queen
17%
Takin' It BackFinal Breath
17%
Thank YouFriends
17%
Takin' It BackGrow Up
17%
Treat MyselfHave You Now
17%
A Very Trainor ChristmasHave Yourself A Merry Little Christmas
17%
Treat MyselfHere To Stay
17%
A Very Trainor ChristmasHolly Jolly Christmas
17%
A Very Trainor ChristmasI Believe In Santa
17%
Thank YouI Won't Let You Down
17%
Treat MyselfLie To Me
17%
Takin' It BackLucky
17%
A Very Trainor ChristmasMy Only Wish
17%
A Very Trainor ChristmasNaughty List
17%
Takin' It BackRainbow
17%
Takin' It BackRemind Me
17%
A Very Trainor ChristmasRockin' Around The Christmas Tree
17%
A Very Trainor ChristmasRudolph The Red-Nosed Reindeer
17%
Takin' It BackSensitive
17%
Takin' It BackShook
17%
Takin' It BackSpecial Delivery
17%
Takin' It BackSuperwoman
17%
A Very Trainor ChristmasThe Christmas Song
17%
Thank YouThrowback Love
17%
TitleWhat If I
17%
Takin' It BackWhile You're Young
17%
Treat MyselfWorkin' On It
17%
Treat MyselfYou Don't Know Me
17%

Score Distribution

Percentile by Number Answered

Percent of People with Each Score

Your Score History

You have not taken this quiz